000 00655nam a2200253Ia 4500
005 20250425162256.0
008 250425s9999 xx 000 0 und d
041 _aspa
082 _a551.76
245 0 _aEL MESOZOICO DEL HEMISFERIO OCCIDENTAL Y SUS CORRELACIONES MUNDIALES
250 _a1A ED.
260 _aMEXICO
260 _aMéxico
_bSTYLO
_c1957
300 _a111
500 _aDADO DE BAJA POR OBSOLETO EL 25/02/2011
650 _aCONGRESOS
650 _aCORRELACIONES MUNDIALES
650 _aGEOLOGIA
650 _aHEMISFERIO OCCIDENTAL
650 _aMESOZOICO
650 _aSISTEMA TRIASICO
942 _c01
010 _a59454
999 _c225907
_d225907